000 01011nas a2200301 4500
001 BR2015000493
003 BR-BrBNA
005 20231205124934.0
007 ta
008 230509b bl.|||p| |||| 00| 00por d
040 _aBR-BrBNA
_bpor
_cBiblioteca Nacional de Agricultura
041 _a(Pt)
072 _aP33
100 1 _aFerri, M.V.W.
100 1 _aGomes, J.
100 1 _aDick, D.P.
100 1 _aSouza, R.F. de
100 1 _aVidal, R.A.
245 1 _aSorção do herbicida acetochlor em amostras de solo, ácidos húmicos e huminas de argissolo submetido à semeadura direta e ao preparo convencional
650 _aANÁLISE DO SOLO
650 _aMANEJO DO SOLO
650 _aMATÉRIA ORGÂNICA
650 _aCROMATOGRAFIA
773 0 _tRevista Brasileira de Ciência do Solo (Brazil)
_xISSN 0100-0683
_g(Sep-Oct 2005), v. 29(5) p. 705-714
_wBR2015000493
856 4 0 _uhttp://www.scielo.br/pdf/rbcs/v29n5/27882.pdf
909 _a202311
_bLúcia
_c55
_dLúcia Elande
942 _2AGRIS
_n0
_cANA
999 _c241723
_d241723